000 00259nam a2200097Ia 4500
001 1300148
005 20260420095858.0
008 260420s9999 xx 000 0 und d
245 0 _aERDEMLER 2 - SELAM VERİYORUM
_cKOLEKTİF
260 _bTİMAŞ ÇOCUK YAYINLARI
999 _c1300148
_d1300148